| 000 | 00403nam a2200133Ia 4500 | ||
|---|---|---|---|
| 008 | 220216s9999 xx 000 0 und d | ||
| 100 | _aLalithakumari E. | ||
| 245 | 0 | _aStatistically speaking | |
| 260 |
_bSouvenir, Rubber Planters' Conference India, 1974, Kottayam, India, pp. 91-93. _c1974 |
||
| 650 | _aRubber consumption | ||
| 650 | _aRubber production | ||
| 650 | _aRubber statistics | ||
| 942 | _cBS | ||
| 999 |
_c49842 _d49842 |
||